00684nam a2200205 450000500170000001000150001702000260003203500140005803700090007208200080008110000260008924500670011525000100018226000310019227000680022330000200029194200220031199900190033395201260035220241021143948.0 aENG-142199 c995.00a9788181523235 aEN-125731 bDBAD a351 aPrakash, Anand973052 aPublic Administration:cby Anand PrakashbTheory and Practice/ aFirst aJaipurbBook Enclavec2013 aF-11, S.S. Tower, Dhamani Street, Chaura Rasta,bJaipure302003 a280p.c22cm(hb) 2ddccENh351mPRA c206519d206519 001040708NFICaBNbBNd2024-10-21eDBADg995.00l0o351 PRApEN-125731r2024-10-21 00:00:00t1v995.00w2024-10-21yEN